[Event "Hastings 0304 79th"]
[Site "Hastings"]
[Date "2003.12.30"]
[Round "3"]
[White "Conquest, Stuart"]
[Black "Rowson, Jonathan"]
[Result "1/2-1/2"]
[WhiteElo "2545"]
[BlackElo "2541"]
[Annotator "Rowson,J"]
[PlyCount "94"]
[EventDate "2003.12.28"]
[EventType "tourn"]
[EventRounds "9"]
[EventCountry "ENG"]
[EventCategory "13"]
[SourceTitle "CBM 099"]
[Source "ChessBase"]
[SourceDate "2004.03.30"]
[SourceVersion "1"]
[SourceVersionDate "2004.03.30"]
[SourceQuality "1"]

1. e4 {Psakhis,L} c5 2. Nf3 d6 3. Nc3 Nf6 4. e5 $5 {A tricky line that has
been played by Anand in rapid games. I had considered playing this move as
White so I wasn't unduly terrified at this stage.} dxe5 5. Nxe5 Nbd7 (5... a6
$5 {is possible, but I prefer not to weaken my position when I can avoid it.})
6. Nc4 Nb6 $1 {I insist! White would like to play b3 here to encourage a
change in structure after Nxc4 bc, followed by play down the half-open b-file.
However,} 7. Nxb6 (7. b3 Bg4 $1 {is very annoying for White and} 8. Be2 Bxe2 9.
Qxe2 e6 {looks equal.}) (7. Ne3 $5 {is possible and although it is not
dangerous for Black, it keeps more tension in the position.}) 7... Qxb6 8. Bb5+
Bd7 9. Bxd7+ (9. a4 $5 {seems like a better way to cause problems.}) 9... Nxd7
10. O-O e6 {'=' Psakhis,L. [#] Stuart thought for a long time here but
couldn't find any way to make use of his slight lead in development. For my
part, I was mulling over a conversation I once had with GM Keith Arkell who
claimed that these structures (Which he used to get from the line 1 d4 Nf6 2
Nf3 g6 3 b4!? after a subsequent e5 and Black taking with the knight) favour
the side with the e-pawn in the long term. This is basically because when you
strip the position to its bare essentials, Black can advance his queenside
pawns to weaken white's structure, while white cannot readily do the same
thing on the kingside for fear of weakening his own king. Even in an ending
this factor is relevant because Black's king will normally be closer to his
own weakness, even if White manages to create one.  This is rather abstract of
course, but in such a boring position one needs to think of something.} 11. b3
$5 Be7 12. Bb2 Qc6 $1 {This is a useful diagonal for the Queen and Black has
definitely equalised.} ({Worth considering} 12... Bf6 $5 {(Psakhis,L) for
example} 13. Na4 Qc6 14. Bxf6 Nxf6 15. Nc3 O-O 16. Qe2 Rfd8 17. Rad1 $11 {
1/2-1/2 Jansson,B-O'Kelly de Galway,A/Lugano ol 1968 (17)}) 13. Qg4 $5 {
Now I could simply play Bf6, castle kingside and White has nothing better than
to play Na4 at some moment when the position is considerably simplified and a
draw seems very likely. In spite of what Keith Arkell thinks, I couldn't
imagine myself winning such a position. Moreover, Stuart had used almost an
hour on the clock by this point so I felt encouraged to pose some original
problems.} Nf6 (13... Bf6 14. Rae1 O-O $11) 14. Qh3 O-O-O $6 {The fact that
this gains a tempo by attacking d2 makes it far too seductive. I was critical
of this move after the game, but felt better when Stuart told me that he would
have done exactly the same thing in my position.} (14... O-O 15. Rae1 c4 16. f4
Rad8 17. Re2 {is not so clear - but the position is rather easy for White to
play.}) 15. d3 h5 $1 16. a4 a6 {Necessary because Nb5 is a big threat.} 17. a5
(17. g3 $5 h4 18. Qg2 {is possible, when it is hard for Black to continue
attacking. However, it is not in Stuart's nature to duck an interesting
challenge so now the position sharpens considerably.}) 17... h4 $5 {This looks
a little obtuse given what follows.} (17... g5 {was my original intention here.
} 18. Na4 g4 19. Qg3 h4 20. Qf4 Bd6 $5 (20... Nd5 $5 {At the time I only saw
this move, and assumed that either Qf7 or Qg4 would be favourable for White.})
21. Qxf6 (21. Be5 Nd5 {favours Black}) 21... h3 {Stuart was worried about this,
and it does look rather dangerous, but White can probably defend and keep the
extra piece.} 22. f3 hxg2 23. Rf2 Bxh2+ (23... Rxh2 24. Nb6+ Kc7 25. Be5 $1)
24. Kxg2 Qc7 25. fxg4) 18. Na4 (18. f4 $5) 18... Nd5 19. f4 {The whole idea of
f4 didn't really occur to me when I decided to castle queenside and it is
really rather annoying. I suspect White is better now mainly because my
queenside structure has been compromised and White can try to play on both
sides of the board.} (19. Qf3 f6 $1 {is comfortable for Black.}) 19... f5 $5 {
A radical solution. I saw that White could not easily hold the e5 square in
what follows and in any case I didn't see a good alternative.} (19... Bf6 20.
Be5 $1 {Here I couldn't see a constructive move for Black.} Bxe5 21. fxe5 f5
22. exf6 gxf6 23. c4 $1) 20. Rae1 Bf6 21. Be5 (21. Qf3 $5 Bd4+ $1 22. Kh1 h3
23. g3 Rd6 {with a tense position where it feels like White should be better,
but it's hard to prove that this is the case.}) 21... Bxe5 {Psakhis,L: 'Black
immediately takes this opportunity to grab space on the kingside.'} 22. Rxe5
Qd6 $1 23. Qf3 (23. Rfe1 $5 {might be more accurate, because we actually reach
the game position with the white queen on e3 instead of f3.} Nxf4 24. Qe3 g5
25. Nxc5 Qc6 $1 26. Qf2 Rhe8 {and Black seems to be ok.}) ({I was also nervous
about the simple} 23. Nb6+ Nxb6 24. axb6 {When White might simply emerge with
a positional advantage. However, Black seems to be active enough to hold the
balance.} Qd4+ $1 25. Kh1 Rd6 $1) 23... g5 $1 24. Rfe1 Nxf4 25. Nxc5 Rh7 $1 {
[#] Tactically holding the position together because Ne6 runs in to a nasty
pin. To be honest, I hadn't seen this in advance and was quite lucky to have
it as a resource. However, such moves give a real psychological boost because
before it became evident that White couldn't take on e6 both players had
thought White was much better, but now he can only play quiet moves and
whatever advantage Stuart may have here was outweighed by having around ten
minutes to reach move forty.} 26. Qf2 (26. Nxe6 Re8 $1) 26... Re7 {'!?'
Psakhis,L. Psakhis,L: 'with the possible continuation'} 27. b4 Rde8 28. h3 $6 {
'=' Psakhis,L. This provoked me and so turns out well, but there was really no
need for it. The idea of h3 and Ng2 is a nuisance to think about, but it
really does little for Black so Stuart should have focused on improving his
position on the queenside.} ({That said, things don't look so clear after} 28.
d4 $5 Ng6 29. R5e2 g4) 28... Kb8 {Not sure why I played this, but sometimes
Qc6 is useful and I don't want to run in to a pin on the c-file. Psakhis,L:
'What a strong desire to continue to play for a win! Worth considering '} 29.
d4 Ng6 (29... Nd5 $2 30. c4 $1 Nxb4 31. Qb2 Nc6 32. Rxe6 $1) 30. R5e2 g4 {
I didn't really trust this but felt like a bit of a gamble in my opponent's
time trouble.} (30... Nf4 {More or less forces a draw, given that the threat
of g4 looks more dangerous with the knight on f4('looks' matter a lot between
moves 30-40). However, I should have tried it once, because Stuart would
doubtless have used up a fair chunk of his remaining time looking for ways to
avoid the draw and then, assuming he would decide to take the draw, I could
deviate with a bigger time advantage.  ...Despite being very short of time
Stuart avoided any major errors.}) 31. hxg4 fxg4 32. Qf6 $1 {Psakhis,L:
'Seemingly, this move escaped black's attention. White has the upper hand.'}
Nf4 33. Re4 $1 {It was quite brave to allow Nxg2 or Nh3, but I guess it's not
too difficult to see that Black can't use his rooks and will struggle to even
have a perpetual.} Nd5 34. Qxh4 g3 35. b5 $5 {Probably a mistake. If Black
takes b4 in the given structure, white has "one unit holding up two in
addition to his c and d pawns which means that the knight does not have a
secure post on d5.} (35. Rg4 $5 Nxb4 36. c3 Nd5 37. Qxg3 {leaves Black
struggling to draw.}) (35. c4 $142 $5 {Psakhis,L} Nxb4 36. Rb1 Nc6 37. Nxa6+
Ka8 38. c5 Qd8 39. Nb4 $16) 35... axb5 {'?' Psakhis,L. Psakhis,L: 'Rowson is
trying to complicate the struggle although it is more reasonable to simplify
it.'} (35... Nc3 $5 {Psakhis,L} 36. Rxe6 Rxe6 37. Rxe6 Rxe6 38. Nxe6 axb5 39.
Qg5 $13) 36. Rg4 {'?!' Psakhis,L. Psakhis,L: 'Conquest misses a wonderful
opportunity of punishing Black for his carelessness. After the simple'} (36.
Re5 $1 {[%csl Rg3] Psakhis,L} Nc3 (36... Nb4 37. c3 Nc6 38. Ne4 Qc7 39. Rxb5
$18) 37. R1e3 Na4 38. Qxg3 Nxc5 39. Rxc5 Qxg3 40. Rxg3 $18 {White could get an
easy winning endgame.}) 36... e5 {Psakhis,L: 'Black's position looks cheerless
and he correctly sacrifices a pawn to try to improve the situation.'} 37. Qxg3
Nf6 38. Rh4 Rg8 39. Qf3 $5 {A good decision.} (39. Qe3 $5 {Psakhis,L} Nd5 (
39... Qc6 40. Qd2 $1) 40. Qh6 $14) 39... exd4 (39... Reg7 40. Re2 (40. Rxe5
Rxg2+ 41. Qxg2 Rxg2+ 42. Kxg2) 40... exd4) 40. Rxe7 Qxe7 41. Nd3 (41. Rxd4 $5 {
requires strong nerves, because there are lots of open lines for the black
pieces, but I couldn't see anything better than forcing a draw immediately with
} Qe1+ 42. Qf1 Qe3+ 43. Qf2 Qc1+ 44. Qf1 Qe3+) 41... Qe3+ 42. Kf1 $1 (42. Kh1
Ng4 $5 {gives Black adequate counterplay.}) (42. Kh2 $5 {is a winning try, but
after} Qxf3 (42... Ka7 $5 {Moreover, it's not clear what White is doing if I
make a constructive pass.}) 43. gxf3 Rc8 44. Rxd4 Rxc2+ 45. Kg3 Rd2 {I thought
Black should be fine. The worst case scenario is probably Rook and knight and
against rook, after I win the a-pawn and give my knight for the f-pawn.}) 42...
Nd5 $1 {An important move, without which White has chances to be better.} 43.
Qxd5 Rf8+ 44. Rf4 Rxf4+ 45. Nxf4 Qc1+ {There was no reason not to take the
knight, but it seemed more elegant to force a perpetual with the horse in the
vicinity.} 46. Ke2 Qe3+ 47. Kd1 Qg1+ 1/2-1/2

[Event "Basel op"]
[Site "Basel"]
[Date "2017.01.05"]
[Round "5"]
[White "Safarli, Eltaj"]
[Black "Donchenko, Alexander"]
[Result "1-0"]
[WhiteElo "2686"]
[BlackElo "2559"]
[Annotator "Safarli,E"]
[PlyCount "37"]
[EventDate "2017.01.02"]
[EventType "swiss"]
[EventRounds "9"]
[EventCountry "SUI"]
[SourceTitle "CBM 176 Extra"]
[Source "ChessBase"]
[SourceDate "2017.03.02"]
[SourceVersion "1"]
[SourceVersionDate "2017.03.02"]
[SourceQuality "1"]

1. e4 c5 2. Nf3 d6 3. Nc3 Nf6 4. e5 $5 {Interesting, lucky and surprising
opening choice. Alexander didn't know or didn't remember his lines and got
into trouble at the very early stage} dxe5 5. Nxe5 Nbd7 ({The main line is} 
5... a6 {Black is taking control on very important b5 square and preparing for
Qc7 or Nbd7} 6. a4 (6. Be2) (6. g3) 6... Qc7 7. Nc4 Nc6 8. d3 Be6) 6. d4 $5
cxd4 (6... e6 7. Bb5 a6 8. Bxd7+ Nxd7 (8... Bxd7 9. Be3) 9. Qh5 $1 g6 10. Qf3)
7. Qxd4 e6 8. Be3 $5 $146 {Novelty, but frankly speaking Black is equalizing} (
8. Bb5 $5 a6 9. Bxd7+ Nxd7 10. Be3 (10. Bf4) (10. Nc4)) 8... Bc5 9. Qd2 Bxe3
10. Qxe3 Qc7 $6 ({Only equalizing move was simply} 10... Nxe5 $1 11. Qxe5 O-O
12. Bd3 Bd7 13. O-O-O Qb6 {With okay position for both sides. Position is equal
}) (10... O-O 11. O-O-O Qc7 12. Nc4 $14) 11. Nc4 $1 $14 {Of course! White is
keeping his strong knight which will decide the game very soon} O-O 12. O-O-O
a6 (12... Nb6 13. Qe5 $1 Qxe5 14. Nxe5 $14 {[%csl Gc3,Rc8,Gd1,Ge5,Gf1][%cal
Gd1d8,Gg2g3,Gf1g2,Gf1e2,Ge2f3,Gh1e1,Ge1d1] With very unpleasant endgame for
Black}) 13. Qg3 $1 {Once again, offering very unpleasant endgame for Black.
But still, probably it was better to go for it because otherwise White has
very strong attack} Qc5 $6 (13... Qxg3 $5 14. hxg3 {[%csl Gh1]} b5 15. Nd6) (
13... e5 14. Nd6) 14. Nd6 Nb6 (14... b5 15. Bd3) 15. Nce4 $1 Nxe4 16. Nxe4 Qc6
$4 {The last decisive mistake, letting White to mate in few moves} (16... Qe7
17. Qd6 $1 Qxd6 (17... Qh4 18. f4 Nd5 19. g3 Qh5 20. Bd3) 18. Rxd6 $1 $16) 17.
Nf6+ Kh8 18. Nh5 $1 Rg8 (18... g6 19. Qe5+ f6 20. Qxf6+ $1 Rxf6 21. Rd8+ Qe8
22. Rxe8+ Rf8 23. Rxf8#) 19. Rd8 $1 1-0

[Event "Tata Steel-B 77th"]
[Site "Wijk aan Zee"]
[Date "2015.01.13"]
[Round "4"]
[White "Klein, David"]
[Black "Salem, AR Saleh"]
[Result "0-1"]
[WhiteElo "2517"]
[BlackElo "2603"]
[Annotator "Sagar Shah"]
[PlyCount "84"]
[EventDate "2015.01.10"]
[EventType "tourn"]
[EventRounds "13"]
[EventCountry "NED"]
[EventCategory "13"]
[SourceTitle "CBM 165"]
[Source "ChessBase"]
[SourceDate "2015.03.11"]
[SourceVersion "1"]
[SourceVersionDate "2015.03.11"]
[SourceQuality "1"]

1. e4 c5 2. Nf3 d6 3. c3 Nf6 4. Be2 g6 (4... Nxe4 5. Qa4+ $18) 5. O-O Bg7 6.
Bb5+ (6. Re1 O-O 7. Bf1 {is the other way to play in such positions.}) 6...
Nfd7 {This is not a very common move but not at all bad.} (6... Bd7 7. Bxd7+
Qxd7 8. Re1 O-O 9. d4 {gives White a very nice position.}) 7. d4 O-O 8. Re1 Nc6
9. d5 (9. Be3 {maintaining the center also looks good for White.}) 9... Nce5
10. Nbd2 a6 11. Bf1 b5 12. h3 Qb6 13. Nxe5 Nxe5 14. f4 c4+ 15. Kh1 Nd7 {
The knight will come to a good square on c5.} 16. Nf3 Nc5 17. Be3 Qc7 18. Bd4
Bh6 19. f5 gxf5 $1 {A bold decision and one that can be expected from Salem
who always plays exciting and ambitious chess.} 20. Bxc5 {trying to clear the
d4 square for the knight but turns out to be not such a great decision.} Qxc5 (
20... dxc5 $1 21. e5 {looks scary but who is going to defend the d5 pawn?} Bb7
22. d6 Qd7 23. dxe7 Qxe7 $17 {Inspite of the broken structure Black has a
clear advantage thanks to his two powerful bishops.}) 21. Nd4 fxe4 22. Qh5 Bg7
23. Rxe4 e5 $1 {A very nice move based on discovered attack. It is very
possible that Klein missed this move.} 24. Nc6 (24. dxe6 Qxh5 {sometimes it is
easy to overlook such tactics in your calculation.}) (24. Nf5 Bxf5 25. Qxf5
Qxd5 26. Rg4 {leads to a very strong attack.} f6 (26... Kh8 27. Rxg7 Kxg7 28.
Qg5+ Kh8 29. Qf6+ $11) 27. Rh4 $1 h6 28. Be2 Qc5 29. Bf3 d5 30. Rd1 Rad8 31.
Bxd5+ Kh8 (31... Rxd5 32. Qe6+ $16) 32. Qg6 Rxd5 33. Rxh6+ Bxh6 34. Qxh6+ Kg8
35. Qg6+ $11) 24... Re8 (24... f5 25. Ne7+ Kh8 26. Rh4 $1 h6 27. Qg6 $18 {
With a crushing attack}) 25. Rd1 Qf2 {very accurate defensive skills shown by
Salem. The position is sharp and inspite of his lack of development he is
defending wonderfully.} 26. Be2 Bf5 $1 27. Bf3 $2 {This takes away the fun
from the game and let's black consolidate. Pretty much forced was} (27. Rf1 $1
Qxf1+ 28. Bxf1 Bxe4 29. Qh4 Bg6 30. Be2 $15 {With some fight although it must
be mentioned that Black is better.}) 27... Bg6 28. Qg5 f6 29. Qc1 f5 30. Ree1
e4 {White is run over by the black pawns.} 31. Be2 Kh8 32. Qg5 f4 33. Bh5 Bxh5
34. Qxh5 Qxb2 35. Qf5 f3 36. gxf3 exf3 37. Qxf3 Qxc3 38. Rxe8+ Rxe8 39. Qg4 Qe3
40. Nb4 a5 41. Nc2 Qe4+ 42. Qxe4 Rxe4 {A tense game and well contested till a
certain point and then David played an uncertain move after which Salem took
over and won the game with ease.} 0-1

[Event "FRA-chT"]
[Site "France"]
[Date "1996.??.??"]
[Round "?"]
[White "Degraeve, Jean Marc"]
[Black "Bacrot, Etienne"]
[Result "1/2-1/2"]
[WhiteElo "2515"]
[BlackElo "2470"]
[Annotator "Svidler,P"]
[PlyCount "39"]
[EventDate "1996.??.??"]
[EventType "team"]
[EventRounds "11"]
[EventCountry "FRA"]
[SourceTitle "CBM 055 Extra"]
[Source "ChessBase"]
[SourceDate "1997.01.01"]
[SourceVersion "1"]
[SourceVersionDate "1997.01.01"]
[SourceQuality "1"]

1. e4 {Winants} c5 2. Nf3 d6 3. c3 Nf6 4. Be2 Nbd7 5. d3 b6 6. O-O Bb7 7. Nbd2
g6 8. d4 cxd4 9. cxd4 Nxe4 10. Nxe4 Bxe4 11. Ng5 Bd5 12. Bf3 Bxf3 13. Qxf3 Nf6
14. Qc6+ Nd7 15. Qd5 (15. Re1 {gives nothing:} Bg7 (15... Rc8 16. Qf3 $18) 16.
Qxd6 Rc8 17. Qa3 (17. Bd2 Ne5 $1 $15) 17... Bxd4 18. Nf3 Bf6 19. Qxa7 Nc5 20.
Qa3 O-O $13) 15... e6 {, and here Degraeve missed a very difficult but
beautiful victory:} 16. Qf3 (16. Nxe6 $1 {Svidler,P} fxe6 17. Qxe6+ Be7 {
is better. Two of three possible continuations lead nowhere.} (17... Qe7 18.
Qd5 Rb8 $1 (18... O-O-O 19. Bg5 $18) (18... Rc8 19. Bg5 Nf6 20. Qf3 Kf7 21.
Rfe1 Qd8 22. Bxf6 Qxf6 23. Qd5+ Kg7 24. Qb7+ $18) (18... Rd8 19. Bg5 Nf6 20.
Qf3 Kf7 21. Rfe1 $18) 19. Bg5 Nf6 20. Qb3 $1 (20. Qf3 Kf7 21. Rfe1 Qd8 22. Rac1
Bg7 $17) 20... Qf7 (20... Qg7 21. Rfe1+ Be7 22. Re6 $16) 21. Rfe1+ Be7 22. Re6
$1 O-O (22... Kf8 23. Bh6+ Ke8 24. Rae1 Ng8 25. Bg5 Rb7 26. Qd5 $18) 23. Rxe7
Qxb3 24. axb3 $16) 18. Bg5 $1 {wins by some very difficult tactics:} (18. Re1
$2 {/\19.Bg5} Rf8 {forcé:} (18... Nf8 19. Qf6 $18) 19. Bg5 Rf7 20. Re3 (20.
Qxd6 {/\ 21.Re6 et 22.Rae1} Rc8 (20... Kf8 21. Rxe7 Rxe7 22. Re1) ({ou} 20...
Nf6 21. Rxe7+ $1 Qxe7 22. Qc6+) 21. Re2 (21. Kf1 $3 {[%csl Ge1,Re7][%cal Ya1e1]
Winants La clé!} Rc2 (21... Nf8 22. Bxe7 Rxe7 23. Rxe7+ Qxe7 24. Re1) 22. f3 $1
(22. Rxe7+ Qxe7 23. Bxe7 Rfxf2+ 24. Kg1 Rxg2+ 25. Kh1 Rxh2+ 26. Qxh2 Rxh2+ 27.
Kxh2 Kxe7) 22... Nf6 23. Rxe7+ Rxe7 24. Qxd8+ Kxd8 25. Bxf6 Kd7 26. Bxe7 Kxe7
27. Re1+ Kd6 28. Re2 {[%csl Gd4,Gf3] avec deux pions de plus.}) (21. Re6 Nf6 $1
$13) 21... Nf6 22. Qe6 Kf8 23. Rae1 Bb4 $17) 20... Kf8 21. Bxe7+ Qxe7 22. Qd5
Qd8 23. Qxd6+ Kg8 $19) (18. Bh6 $6 Rc8 19. Rfe1 Rf8 (19... Nf8 20. Qd5 $16) 20.
Bxf8 Nxf8 $15) 18... Kf8 $8 (18... Rf8 19. Bxe7 Qxe7 20. Qd5 $18) (18... Nf8
19. Qe4 Rc8 (19... d5 20. Qe5 Qd6 21. Rfe1 $18) 20. Rfe1 (20. Rac1 Rxc1 21.
Rxc1 {may be objectively better, but the position after 21...Rd7 is very
interesting in itself.}) 20... Rc7 21. Rac1 Rd7 $1 {Now all the normal moves
do not succeed:} (21... Rxc1 22. Rxc1 Kf7 (22... Rg8 23. Rc8 $18) (22... d5 23.
Qe5 Qd6 24. Re1 $18) 23. Qf3+ Kg8 24. Qd5+ Kg7 25. Qb7 Nd7 26. Rc7 $18) 22. Qf3
$1 {is winning, although I admit I could not find it without Fritz.} (22. Rc8
Qxc8 23. Qxe7+ Rxe7 24. Rxe7+ Kd8 $11) (22. Bf6 Kf7 $3 (22... d5 23. Qf4 Rg8
24. Bxe7 Rxe7 25. Rxe7+ Kxe7 26. Qg5+ Ke8 27. Qe5+ Kf7 28. Rc7+ Nd7 29. Qxd5+
$18) 23. Bxh8 Kg8 $13) (22. Rc3 h6 23. Qc2 (23. Qh4 Rh7) (23. Bf6 Rh7 24. Qc2
Kf7 25. Rc8 Bxf6 26. Rxd8 Bxd8) 23... hxg5 24. Rc8 Qxc8 25. Qxc8+ Kf7 $13)
22... h6 23. Bxe7 Rxe7 24. Rxe7+ Qxe7 (24... Kxe7 25. Re1+ Kd7 26. Qb7+ Qc7 27.
Re7+) 25. Rc8+ Kd7 26. Qc6+ Ke6 27. Re8 $18) 19. Bh6+ Ke8 20. Rfe1 (20. Bg5 $11
) 20... Rf8 $8 21. Bxf8 Nxf8 22. Qd5 Rc8 23. Re3 Rc7 24. Rae1 $16) (16. Re1 $1
{Winants} Nf6 (16... Be7 17. Nxe6 $1 fxe6 {et maintenant:} 18. Rxe6 $2 Nf6 19.
Rxe7+ Qxe7 $1 (19... Kxe7 $2 20. Bg5 Re8 21. Re1+ Kd7 22. Qb5+ Kc7 23. Rc1+ Kb7
(23... Kb8 24. Bxf6) 24. Qc6+ Ka6 25. b4 $1 {Degraeve} Rc8 26. b5+ Ka5 27. Bd2+
Ka4 28. Rc4+ Ka3 29. Qf3+ Kxa2 30. Ra4+ Kb2 31. Rb4+ Kc2 32. Rb3 $1 $18) 20.
Qxa8+ Kf7 {et les Noirs gagnent (Degraeve).}) 17. Qc6+ Nd7 18. Qf3 Nf6 19. Nxe6
fxe6 20. Rxe6+ Kf7 21. Rxf6+ Qxf6 22. Qxa8 $16) 16... Nf6 17. Qc6+ Nd7 18. Qf3
Nf6 19. Qc6+ Nd7 20. Qf3 1/2-1/2